000 00941nam a2200301 i 4500
001 89071
003 ES-MaACL
005 20240611121512.0
007 t|
008 050127s2003 sp f |||| | spa d
020 _a84-233-3475-9
080 _a655.4(460)"19"
080 _a028(460)"19"
080 _a008(460)"19"
100 1 _aVila-Sanjuán, Sergio.
_9141823
245 1 0 _aPasando página
_b: autores y editores en la España democrática /
_cSergio Vila-Sanjuán.
250 _a1ª ed.
260 _aBarcelona :
_bDestino,
_c2003.
300 _aX, 726 p., [32] p. de lám. ;
_c23 cm.
490 1 _aImago mundi ;
_v26
650 4 _aEdición-
_zEspaña-
_yS.XX.
_912053
650 1 4 _aLibros y lectura-
_zEspaña-
_yS.XX.
_9161504
650 4 _aEscritores españoles-
_yS.XX.
_912391
830 0 0 _aImago mundi (Barcelona) ;
_v26
_9236939
852 _aES-MaACL
_jL-28710
942 _2udc
999 _c89071
_d89071